Justice League. (Record no. 628)

MARC details
000 -LEADER
fixed length control field 01241cam a2200373 a 4500
005 - DATE AND TIME OF LATEST TRANSACTION
control field 20260322212027.0
008 - FIXED-LENGTH DATA ELEMENTS--GENERAL INFORMATION
fixed length control field data
010 ## - LIBRARY OF CONGRESS CONTROL NUMBER
LC control number 2012040572
020 ## - INTERNATIONAL STANDARD BOOK NUMBER
International Standard Book Number 9781401237646 (hbk.)
020 ## - INTERNATIONAL STANDARD BOOK NUMBER
International Standard Book Number 9781401237653 (pbk.)
020 ## - INTERNATIONAL STANDARD BOOK NUMBER
International Standard Book Number 1401237649
040 ## - CATALOGING SOURCE
Original cataloging agency DLC
Transcribing agency DLC
Modifying agency DLC
042 ## - AUTHENTICATION CODE
Authentication code pcc
050 00 - LIBRARY OF CONGRESS CALL NUMBER
Classification number PN6728.J87
Item number J653 2013
082 00 - DEWEY DECIMAL CLASSIFICATION NUMBER
Classification number 741.5/973
Edition information 23
099 ## - LOCAL FREE-TEXT CALL NUMBER (OCLC)
Classification number JOHNSG
001 - CONTROL NUMBER
control field data
100 1# - MAIN ENTRY--PERSONAL NAME
Personal name Johns, Geoff,
Dates associated with a name 1973-
245 10 - TITLE STATEMENT
Title Justice League.
Number of part/section of a work Volume 2,
Name of part/section of a work The villain's journey /
Statement of responsibility, etc. Geoff Johns ... [et al.].
246 30 - VARYING FORM OF TITLE
Title proper/short title Villain's journey
260 ## - PUBLICATION, DISTRIBUTION, ETC.
Place of publication, distribution, etc. New York :
Name of publisher, distributor, etc. DC Comics,
Date of publication, distribution, etc. c2012.
300 ## - PHYSICAL DESCRIPTION
Extent 1 v. (unpaged) :
Other physical details col. ill. ;
Dimensions 27 cm.
500 ## - GENERAL NOTE
General note "Originally published in single magazine form in Justice League 7-12."
655 #0 - INDEX TERM--GENRE/FORM
Genre/form data or focus term Graphic novels.
655 #7 - INDEX TERM--GENRE/FORM
Genre/form data or focus term Comic books, strips, etc.
Source of term gsafd
700 1# - ADDED ENTRY--PERSONAL NAME
Personal name Lee, Jim,
Dates associated with a name 1964-
700 1# - ADDED ENTRY--PERSONAL NAME
Personal name Sinclair, Alex.
700 1# - ADDED ENTRY--PERSONAL NAME
Personal name Cipriano, Sal.
700 1# - ADDED ENTRY--PERSONAL NAME
Personal name Brossesau, Patrick.
700 1# - ADDED ENTRY--PERSONAL NAME
Personal name Napolitano, Nick.
906 ## - LOCAL DATA ELEMENT F, LDF (RLIN)
a 7
b cbc
c orignew
d 1
e ecip
f 20
g y-gencatlg
925 0# -
-- acquire
-- 2 shelf copies
-- policy default
955 ## - COPY-LEVEL INFORMATION (RLIN)
-- rg14 2012-10-04 to CIP
-- rg07 2013-02-06 to CALM
Holdings
Withdrawn status Lost status Damaged status Not for loan Home library Current library Shelving location Date acquired Total checkouts Full call number Barcode Date last seen Price effective from Koha item type
        Franklin Franklin General stacks 22/03/2026   741.5/973 23 BC0010645 22/03/2026 22/03/2026 Books